Tilastot visalle Keski-Pohjanmaa-visa

Klikkaa tästä pelataksesi tätä visaa!

Yleistilastot

  • Tätä visaa on pelattu 681 kertaa
  • Keskiarvotulos 11 / 15

Vastaustilastot

VihjeVastaus% Oikein
NaapurimaakunnatPohjois-Pohjanmaa
93%
NaapurimaakunnatEtelä-Pohjanmaa
92%
Väkirikkain kaupunkiKokkola
89%
Maakunta sijaitsee tämän meren rannallaPerämeri
89%
Lääni, johon maakunta kuului 1775-1997
(vihje: suomalainen kaupunki)
{Vaasan} lääni
87%
NaapurimaakunnatPohjanmaa
84%
NaapurimaakunnatKeski-Suomi
82%
Ainoa maakunta, joka on pinta-alaltaan Keski-Pohjanmaata pienempiAhvenanmaa
75%
Pelimanneista ja kamarimusiikista
tunnettu kunta
Kaustinen
71%
Tämän raaka-aineen poltto oli tärkeä elinkeino 1800-luvullaTerva
67%
Suomen pääministeri vuosina 1991-1995Esko Aho
52%
Toiseksi väkirikkain kaupunkiKannus
52%
Maakunnan suurin järvi sekä kunnan nimiLestijärvi
48%
Vaakunassa esiintyvä piennisäkäsNäätä
44%
Keski-Pohjanmaalla lapsena asunut fennomaani, muistetaan muun muassa Suomen markastaJohan Snellman
25%

Tulosjakauma

Persentiili vastausten määrän mukaan

Jokaisen tuloksen saaneiden osuus

Tuloshistoriasi

Et ole pelannut tätä visaa